| 000 | 00615nam a2200205 i 4500 | ||
|---|---|---|---|
| 001 | 75688 | ||
| 003 | ES-MaACL | ||
| 005 | 20230906172543.0 | ||
| 007 | t| | ||
| 008 | 040927s1944 sp ||||1| spa d | ||
| 100 | 1 |
_aGrezzi, Santiago. _959973 |
|
| 245 | 1 | 0 |
_aTomografía pulmonar / _cpor Santiago Grezzi. |
| 250 | _a[1ª ed.]. | ||
| 260 |
_aBarcelona : _bSalvat, _c1944 ( _fImp. Hispano-Americana) |
||
| 300 |
_a97 p., 14 lám. : _bil. ; _c23 cm. |
||
| 490 | 1 | _aManuales de medicina práctica | |
| 830 | 0 |
_aManuales de medicina práctica _9181070 |
|
| 852 |
_aES-MaACL _jE-1386 _bR.21947 |
||
| 999 |
_c75688 _d75688 |
||